LEADER 03020nam 2200637 a 450 001 9910785616103321 005 20230818171112.0 010 $a3-11-080002-0 024 7 $a10.1515/9783110800029 035 $a(CKB)2670000000236027 035 $a(EBL)3040399 035 $a(SSID)ssj0000594564 035 $a(PQKBManifestationID)11402266 035 $a(PQKBTitleCode)TC0000594564 035 $a(PQKBWorkID)10548610 035 $a(PQKB)11416983 035 $a(MiAaPQ)EBC3040399 035 $a(WaSeSS)Ind00008953 035 $a(DE-B1597)42750 035 $a(OCoLC)870415803 035 $a(OCoLC)979585637 035 $a(DE-B1597)9783110800029 035 $a(Au-PeEL)EBL3040399 035 $a(CaPaEBR)ebr10585501 035 $a(CaONFJC)MIL558405 035 $a(EXLCZ)992670000000236027 100 $a20781020e19782011 uy 0 101 0 $aeng 135 $aurnn#---|u||u 181 $ctxt$2rdacontent 182 $cc$2rdamedia 183 $acr$2rdacarrier 200 00$aAmerican Indian economic development /$feditor, Sam Stanley 205 $aReprint 2011 210 $aThe Hague $cMouton Publishers$d1978 215 $a1 online resource (vii, 609 pages) 225 0 $aWorld Anthropology 300 $a"Distributed in the U.S.A. and Canada by Aldine, Chicago." 300 $aPapers prepared for the 9th International Congress of Anthropological and Ethnological Sciences, Chicago, 1973. 311 0 $a90-279-7600-7 320 $aIncludes bibliographical references and indexes. 327 $tFront matter --$tIntroduction /$rSTANLEY, SAM --$tNavajo Economic Development: A Dual Perspective /$rTURNER RUFFING, LORRAINE --$tThe Lummi Indian Community: The Fishermen of the Pacific Northwest /$rDELORIA, VINE --$tMorongo Indian Reservation: A Century of Adaptive Strategies /$rBEAN, LOWELL JOHN --$tAPPENDIX: ? MORAL CASE FOR GAME LAWS AND INDIAN TREATY RIGHTS (1914) --$tPine Ridge Economy: Cultural and Historical Perspectives /$rDeMALLIE, RAYMOND J. --$tPassamaquoddy Economic Development in Cultural and Historical Perspective /$rMcCULLOCH STEVENS, SUSAN --$tMaking Do with the Dark Meat: A Report on the Cherokee Indians in Oklahoma /$rWAHRHAFTIG, ALBERT L. --$tDressing for the Window: Papago Indians and Economic Development /$rMANUEL, HENRY F. / RAMON, JULIANN / FONTANA, BERNARD L. --$tConclusion /$rSTANLEY, SAM --$tBiographical Notes --$tIndex of Names --$tIndex of Subjects 410 0$aWorld Anthropology 606 $aIndians of North America$xEconomic conditions$vCongresses 615 0$aIndians of North America$xEconomic conditions 676 $a330.9/73 686 $aMS 3300$2rvk 701 $aStanley$b Samuel L.$f1923-2011.$01554090 712 12$aInternational Congress of Anthropological and Ethnological Sciences$d(9th :$f1973 :$eChicago, Ill.) 801 0$bMiAaPQ 801 1$bMiAaPQ 801 2$bMiAaPQ 906 $aBOOK 912 $a9910785616103321 996 $aAmerican Indian economic development$93815113 997 $aUNINA LEADER 01577nas 2200457 c 450 001 9910892078403321 005 20260218112628.0 035 $a(CKB)5280000000217974 035 $a(DE-599)ZDB2641691-8 035 $a(OCoLC)1184503354 035 $a(OCoLC)772909212 035 $a(DE-101)101791592X 035 $a(DE-599)2641691-8 035 $a(EXLCZ)995280000000217974 100 $a20111209b20092009 |y | 101 0 $ager 135 $aur||||||||||| 181 $ctxt$2rdacontent 182 $cc$2rdamedia 183 $acr$2rdacarrier 200 10$aGEK-Report Krankenhaus ..$fHrsg.: GEK, Gmu?nder Ersatzkasse 210 31$aSt. Augustin$cAsgard-Verl.$d2009-2009 215 $aOnline-Ressource 606 $aKrankenhaus$3(DE-588)4032786-3$3https://d-nb.info/gnd/4032786-3$3(DE-101)040327868$2gnd 606 $aStationäre Behandlung$3(DE-588)4182947-5$3https://d-nb.info/gnd/4182947-5$3(DE-101)041829476$2gnd 606 $aDatenanalyse$3(DE-588)4123037-1$3https://d-nb.info/gnd/4123037-1$3(DE-101)04123037X$2gnd 606 $aGesundheitsberichterstattung$3(DE-588)4214090-0$3https://d-nb.info/gnd/4214090-0$3(DE-101)042140900$2gnd 608 $aZeitschrift$2gnd-content 608 $aZeitschrift$2gnd 615 7$aKrankenhaus. 615 7$aStationäre Behandlung. 615 7$aDatenanalyse. 615 7$aGesundheitsberichterstattung. 676 $a362.11094305 801 0$b0046 801 1$bDE-101 801 2$b0355 906 $aJOURNAL 912 $a9910892078403321 996 $aGEK-Report Krankenhaus .$94254343 997 $aUNINA